000 00624nam a2200229Ia 4500
003 OSt
005 20221005124336.0
006 a|||||r|||| 00| 0
007 ta
008 221004b |||||||| |||| 00| 0 eng d
024 _a67132
037 _cTextual
040 _aCRL
_cCRL
_beng
041 _2eng
_aeng
082 _aV73:1:N5, G0
100 _aBose Sudhindra
_9635063
245 0 _aMother American
_b Realities of American life as seen by an Indian
260 _c1930
650 _aUNITED STATES - HISTORY
_931585
942 _hV73:1:N5, G0
_cTEXL
_2cc
999 _c1050184
_d1050184